[Event "PRVA LIGA CS 2020"]
[Site "Bajina basta"]
[Date "2020.10.11"]
[Round "2.6"]
[White "Savic, Miodrag R"]
[Black "Brkljaca, Ante"]
[Result "1-0"]
[WhiteElo "2433"]
[BlackElo "2266"]
[PlyCount "62"]
[EventDate "2020.10.10"]
[WhiteTeam "VSK 2005 - Valjevo"]
[BlackTeam "ASK - Arandjelovac"]

1. e4 Nf6 2. e5 Nd5 3. d4 d6 4. Nf3 Bg4 5. Be2 e6 6. O-O Be7 7. h3 Bh5 8. c4
Nb6 9. exd6 cxd6 10. Be3 O-O 11. Nbd2 Nc6 12. Rc1 a5 13. Re1 Bg6 14. Nb1 Bf6
15. Nc3 d5 16. b3 Be7 17. Nb5 Na7 18. Nxa7 Rxa7 19. c5 Nd7 20. a3 Nb8 21. b4
axb4 22. axb4 Nc6 23. b5 Nb4 24. Qb3 Na2 25. Ra1 Qa8 26. Ne5 Ra3 27. Qb2 Qa4
28. Nxg6 hxg6 29. Bc1 Qa5 30. Bd2 Qa4 31. Bc1 Qa7 1-0

[Event "PRVA LIGA CS 2020"]
[Site "Bajina basta"]
[Date "2020.10.11"]
[Round "2.6"]
[White "Vojinovic, Luka"]
[Black "Todorovic, Goran M"]
[Result "0-1"]
[WhiteElo "2271"]
[BlackElo "2404"]
[PlyCount "60"]
[EventDate "2020.10.10"]
[WhiteTeam "ASK - Arandjelovac"]
[BlackTeam "VSK 2005 - Valjevo"]

1. d4 d5 2. Nf3 Nf6 3. e3 c5 4. dxc5 Nc6 5. a3 e6 6. c4 Bxc5 7. b4 Be7 8. Bb2
O-O 9. Nc3 a6 10. Be2 dxc4 11. Bxc4 Qc7 12. Qe2 Ng4 13. Ne4 Nce5 14. Rc1 Nxc4
15. Rxc4 Qd8 16. O-O b5 17. Rd1 bxc4 18. Rxd8 Rxd8 19. h3 Nh6 20. Qxc4 Bb7 21.
Qc7 Bxe4 22. Qxe7 Nf5 23. Qg5 Rd1+ 24. Kh2 Bxf3 25. gxf3 Rd2 26. Be5 f6 27.
Bxf6 Rxf2+ 28. Kh1 Re8 29. e4 Rc8 30. Qg1 Ng3+ 0-1

[Event "PRVA LIGA CS 2020"]
[Site "Bajina basta"]
[Date "2020.10.11"]
[Round "2.6"]
[White "Radovanovic, Jovica"]
[Black "Nikolic, Dragovan"]
[Result "1/2-1/2"]
[WhiteElo "2303"]
[BlackElo "2192"]
[PlyCount "57"]
[EventDate "2020.10.10"]
[WhiteTeam "VSK 2005 - Valjevo"]
[BlackTeam "ASK - Arandjelovac"]

1. d4 d5 2. c4 e5 3. dxe5 d4 4. Nf3 Nc6 5. Nbd2 Be6 6. g3 Qd7 7. Bg2 Nge7 8.
O-O Ng6 9. Qa4 Be7 10. b4 Nxb4 11. Qxd7+ Bxd7 12. Nxd4 Nxe5 13. Bxb7 Rb8 14.
Be4 c5 15. N4b3 f5 16. Bb2 Bf6 17. Bg2 Na6 18. Rad1 Ke7 19. Ba3 Rhc8 20. e4 Be6
21. exf5 Bxc4 22. Rfe1 Kf8 23. Ne4 Bxb3 24. axb3 Rxb3 25. Re3 Rxe3 26. fxe3 Be7
27. Bb2 Ng4 28. Ra1 Rb8 29. Bc3 1/2-1/2

[Event "PRVA LIGA CS 2020"]
[Site "Bajina basta"]
[Date "2020.10.11"]
[Round "2.6"]
[White "Ivanovic, Lazar"]
[Black "Ilic, Dragan M"]
[Result "1/2-1/2"]
[WhiteElo "2108"]
[BlackElo "2291"]
[PlyCount "28"]
[EventDate "2020.10.10"]
[WhiteTeam "ASK - Arandjelovac"]
[BlackTeam "VSK 2005 - Valjevo"]

1. d4 e6 2. c4 d5 3. g3 f5 4. Bg2 Nf6 5. Nh3 c6 6. Qc2 Be7 7. O-O O-O 8. Bf4 a5
9. Nd2 Nh5 10. Nf3 Nxf4 11. Nxf4 Bd6 12. c5 Bxf4 13. gxf4 Nd7 14. a3 Qe8
1/2-1/2